Las indicaciones de la cesárea abdominal / (Record no. 142356)

MARC details
000 -LEADER
campo de control de longitud fija 00753nam a22002171 4500
001 - NÚMERO DE CONTROL
campo de control 142356
003 - IDENTIFICADOR DE NÚMERO DE CONTROL
campo de control ES-MaACL
007 - CAMPO FIJO DE DESCRIPCIÓN FÍSICA--INFORMACIÓN GENERAL
campo de control de longitud fija t|
008 - DATOS DE LONGITUD FIJA--INFORMACIÓN GENERAL
campo de control de longitud fija 071004s1940 sp ||||0| spa d
016 7# - NÚMERO DE CONTROL DE UNA AGENCIA BIBLIOGRÁFICA NACIONAL
Número de control cancelado/no válido IND2000946880
040 ## - FUENTE DE CATALOGACIÓN
Centro catalogador/agencia de origen M-BN
Lengua de catalogación spa
Centro/agencia transcriptor CDM
100 1# - ENTRADA PRINCIPAL--NOMBRE DE PERSONA
Nombre de persona Winter, Georg.
9 (RLIN) 117112
245 14 - MENCIÓN DEL TÍTULO
Título Las indicaciones de la cesárea abdominal /
Mención de responsabilidad, etc. Prof. G. Winter... ; traducida directamente del alemán por los doctores Ruperto Sánchez Arcas y Juan Sánchez Harguindey.
250 ## - MENCION DE EDICION
Mención de edición 1ª ed. española.
260 ## - PUBLICACIÓN, DISTRIBUCIÓN, ETC.
Lugar de publicación, distribución, etc. Madrid :
Nombre del editor, distribuidor, etc. Pegaso,
Fecha de publicación, distribución, etc. [1940] (
Fabricante Imp. Galo Sèz)
300 ## - DESCRIPCIÓN FÍSICA
Extensión XVI, 189 p. ;
Dimensiones 22 cm.
700 1# - ENTRADA AGREGADA--NOMBRE PERSONAL
Nombre de persona Sánchez-Arcas, Ruperto.
9 (RLIN) 102466
700 1# - ENTRADA AGREGADA--NOMBRE PERSONAL
Nombre de persona Sánchez-Arcas, Juan.
9 (RLIN) 102465
852 ## - LOCALIZACIÓN
Ubicación ES-MaACL
Número de control de estantería E-407
Sublocalización o colección R.18870
Holdings
Estatus retirado Estado de pérdida Estado de daño No para préstamo Biblioteca de origen Biblioteca actual Ubicación en estantería Fecha de adquisición Fuente de adquisición Total de préstamos Signatura topográfica completa Código de barras Visto por última vez Precio de reemplazo Tipo de ítem Koha
        Biblioteca del Ateneo de Madrid Biblioteca del Ateneo de Madrid Depósito 2 17/01/2008     E-407 1148121 23/02/2023 23/02/2023 Libro impreso